000
00222 a2200097 4500
001
14052
100
_a
Shakespeare
245
_a
Fifteen plays of shakespeare
260
_a
Oxford
_b
Clarendom press
_c
090
_c
11007
_d
11007
942
_a
NUST-CAE
_c
M
_c
1123
999
_c
249125
_d
249125